[Event "Veteran-SM"]
[Site "Umeå, Sweden"]
[Date "2003.07.06"]
[Round "1"]
[White "Jiretorn, Ingvar"]
[Black "Söderborg, Berndt"]
[Result "1/2-1/2"]
[WhiteElo "1948"]
[BlackElo "2049"]
[PlyCount "105"]
[EventDate "2003.07.06"]
[SourceDate "2003.07.06"]

1. Nf3 Nf6 2. c4 g6 3. d4 Bg7 4. Nc3 d5 5. cxd5 Nxd5 6. e4 Nxc3 7. bxc3 O-O 8.
Be2 c5 9. Be3 Nc6 10. O-O Bg4 11. dxc5 Qc7 12. Qc2 Ne5 13. Nxe5 Bxe2 14. Qxe2
Bxe5 15. f4 Bxc3 16. Rac1 Bg7 17. e5 Rfd8 18. Rfd1 e6 19. Qf3 Bf8 20. Rxd8 Rxd8
21. h4 Rd5 22. Kh2 Qc6 23. Qf2 Rd3 24. Rc2 Qe4 25. Bc1 Rd1 26. Be3 Rd3 27. Bc1
Be7 28. g3 h6 29. Qg2 Qc6 30. Qxc6 bxc6 31. Kg2 Kf8 32. Kf2 Ke8 33. Be3 Kd7 34.
Ke2 Rd5 35. Rc3 Kc8 36. Bf2 h5 37. Be3 f6 38. exf6 Bxf6 39. Ra3 Rd7 40. Rd3 e5
41. Bc1 Rxd3 42. Kxd3 exf4 43. Bxf4 Be7 44. Kd4 Kd7 45. Ke5 Bd8 46. a4 a5 47.
Ke4 Ke6 48. Be3 Bc7 49. Bf2 Be5 50. Be1 Bf6 51. Bf2 g5 52. hxg5 Bxg5 53. Bd4
1/2-1/2

[Event "Veteran-SM"]
[Site "Umeå, Sweden"]
[Date "2003.07.06"]
[Round "1"]
[White "Andersson, Bengt"]
[Black "Nyström, Ragnar"]
[Result "0-1"]
[WhiteElo "1945"]
[BlackElo "2035"]
[PlyCount "94"]
[EventDate "2003.07.06"]
[SourceDate "2003.07.06"]

1. Nf3 Nf6 2. b3 g6 3. Bb2 Bg7 4. e3 d5 5. Be2 O-O 6. O-O c5 7. d4 cxd4 8. Nxd4
Re8 9. Nd2 e5 10. N4f3 Nc6 11. Bb5 Qc7 12. Rc1 a6 13. Bxc6 bxc6 14. c4 Qb8 15.
cxd5 e4 16. Nd4 cxd5 17. Qc2 Ng4 18. g3 Qe5 19. Kg2 Qh5 20. h4 Ne5 21. Nc6 Nd3
22. Bxg7 Kxg7 23. Qc3+ Kg8 24. Rc2 Qf5 25. Nd4 Qh3+ 26. Kg1 Bg4 27. Qc6 Nb4 28.
Qf6 Nxc2 29. Nxc2 Be2 30. Re1 Bd3 31. Nd4 Qd7 32. Kg2 Qd8 33. Qf4 Rc8 34. Rh1
Qc7 35. Qf6 Qe5 36. Qb6 Rb8 37. Qa5 Rec8 38. Qa3 Rb7 39. Rc1 Rxc1 40. Qxc1 Rc7
41. Qa3 Qe7 42. Qa4 Rc1 43. b4 Qd8 44. N2b3 Bf1+ 45. Kh2 Qc8 46. g4 Qb8+ 47.
Kg1 Bb5+ 0-1

[Event "Veteran-SM"]
[Site "Umeå, Sweden"]
[Date "2003.07.06"]
[Round "1"]
[White "Sandklef, Åke"]
[Black "Schön, Stig"]
[Result "1/2-1/2"]
[WhiteElo "1891"]
[BlackElo "2005"]
[PlyCount "72"]
[EventDate "2003.07.06"]
[SourceDate "2003.07.06"]

1. d4 Nf6 2. c4 c5 3. e3 cxd4 4. exd4 d5 5. Nf3 Nc6 6. Nc3 e6 7. Be2 Be7 8. O-O
dxc4 9. Bxc4 O-O 10. a3 a6 11. Bf4 b5 12. Ba2 Bb7 13. d5 Nxd5 14. Nxd5 exd5 15.
Bxd5 Bf6 16. Rb1 Qd7 17. Qd2 Rad8 18. Rfd1 Qf5 19. Bc7 Rd7 20. Bb6 Kh8 21. Qd3
Qxd3 22. Rxd3 Ne5 23. Nxe5 Bxe5 24. Be4 Rxd3 25. Bxd3 Re8 26. Ba5 g6 27. Re1
Bc6 28. Rxe5 Rxe5 29. Bc3 f6 30. Bxe5 fxe5 31. f3 Kg7 32. Kf2 Kf6 33. Ke3 Ke6
34. b4 Bb7 35. h4 Kf6 36. g4 h6 1/2-1/2

[Event "Veteran-SM"]
[Site "Umeå, Sweden"]
[Date "2003.07.06"]
[Round "1"]
[White "Westin, Bertil"]
[Black "Marklund, Egon"]
[Result "1/2-1/2"]
[WhiteElo "1937"]
[BlackElo "2006"]
[PlyCount "62"]
[EventDate "2003.07.06"]
[SourceDate "2003.07.06"]

1. d4 Nf6 2. c4 e6 3. Nc3 d5 4. Nf3 Be7 5. e3 O-O 6. Bd3 a6 7. O-O c5 8. b3 Nc6
9. Bb2 b6 10. Qe2 Nb4 11. Bb1 Bb7 12. Rd1 Qc7 13. Ne5 dxc4 14. bxc4 Rfd8 15. a3
Nc6 16. Nxc6 Qxc6 17. d5 exd5 18. cxd5 Nxd5 19. Nxd5 Rxd5 20. f3 Rxd1+ 21. Qxd1
Bg5 22. Qe2 Qb5 23. Kf2 Rd8 24. Qc2 f5 25. Ba2+ Bd5 26. Be5 Bxa2 27. Rxa2 Qd3
28. Qc1 Rd5 29. f4 Bh4+ 30. g3 Bd8 31. a4 c4 1/2-1/2

[Event "Veteran-SM"]
[Site "Umeå, Sweden"]
[Date "2003.07.06"]
[Round "1"]
[White "Johansson, Per"]
[Black "Aldobasic, Ramiz"]
[Result "1/2-1/2"]
[WhiteElo "2000"]
[BlackElo "2106"]
[PlyCount "79"]
[EventDate "2003.07.06"]
[SourceDate "2003.07.06"]

1. d4 d5 2. Nf3 Nf6 3. c4 e6 4. g3 Nbd7 5. Bg2 Be7 6. O-O O-O 7. Qc2 b6 8. cxd5
Nxd5 9. e4 Nb4 10. Qb3 a5 11. a3 Na6 12. Nc3 Bb7 13. Rd1 Qc8 14. Be3 Rd8 15.
Rac1 Bf6 16. Qc2 h6 17. Nb5 c5 18. Nd6 Qb8 19. Nxb7 Qxb7 20. e5 Be7 21. Ng5
Qxg2+ 22. Kxg2 hxg5 23. f4 gxf4 24. gxf4 Nc7 25. dxc5 bxc5 26. Qe4 Nd5 27. f5
Rab8 28. Rd2 Rb3 29. Bf2 Bg5 30. Rcd1 Bxd2 31. Rxd2 Rdb8 32. fxe6 fxe6 33. Qg4
Nf8 34. Rxd5 exd5 35. e6 Re8 36. Qa4 Rbb8 37. Bxc5 Rxb2+ 38. Kf3 Rxe6 39. Bxf8
Rf6+ 40. Kg3 1/2-1/2

[Event "Veteran-SM"]
[Site "Umeå, Sweden"]
[Date "2003.07.06"]
[Round "1"]
[White "Wiklund, Björn"]
[Black "Lundquist, Rolf"]
[Result "1/2-1/2"]
[WhiteElo "1948"]
[BlackElo "2055"]
[PlyCount "24"]
[EventDate "2003.07.06"]
[SourceDate "2003.07.06"]

1. e4 d5 2. exd5 Qxd5 3. Nc3 Qa5 4. d4 c6 5. Nf3 Nf6 6. h3 Bf5 7. Bd3 Bxd3 8.
Qxd3 Nbd7 9. O-O e6 10. Bf4 Be7 11. a3 Nd5 12. Bh2 Nxc3 1/2-1/2

[Event "Veteran-SM"]
[Site "Umeå, Sweden"]
[Date "2003.07.07"]
[Round "2"]
[White "Marklund, Egon"]
[Black "Sandklef, Åke"]
[Result "1-0"]
[WhiteElo "2006"]
[BlackElo "1891"]
[PlyCount "39"]
[EventDate "2003.07.06"]
[SourceDate "2003.07.06"]

1. d4 Nf6 2. Bg5 d6 3. Nc3 Nbd7 4. e4 c6 5. f4 Qa5 6. Qd2 e5 7. Nf3 Be7 8. Bc4
O-O 9. O-O h6 10. Nd5 Qd8 11. Nxe7+ Qxe7 12. fxe5 dxe5 13. Bxf6 Nxf6 14. Nxe5
Nxe4 15. Qd3 Nf6 16. Ng6 Qd6 17. Nxf8 Kxf8 18. Rae1 Kg8 19. c3 Nd5 20. Re8+ 1-0

[Event "Veteran-SM"]
[Site "Umeå, Sweden"]
[Date "2003.07.07"]
[Round "2"]
[White "Lundquist, Rolf"]
[Black "Johansson, Per"]
[Result "1/2-1/2"]
[WhiteElo "2055"]
[BlackElo "2000"]
[PlyCount "34"]
[EventDate "2003.07.06"]
[SourceDate "2003.07.06"]

1. e4 c6 2. Nc3 d5 3. Qf3 d4 4. Bc4 Nf6 5. Nce2 e5 6. Qg3 Nbd7 7. d3 g6 8. h4
Nh5 9. Qh2 Bd6 10. Bd2 Ndf6 11. f3 Qe7 12. Nh3 Be6 13. Bxe6 Qxe6 14. g4 Ng7 15.
Ng5 Qe7 16. Nh3 Qe6 17. Ng5 Qe7 1/2-1/2

[Event "Veteran-SM"]
[Site "Umeå, Sweden"]
[Date "2003.07.07"]
[Round "2"]
[White "Schön, Stig"]
[Black "Jiretorn, Ingvar"]
[Result "1-0"]
[WhiteElo "2005"]
[BlackElo "1948"]
[PlyCount "43"]
[EventDate "2003.07.06"]
[SourceDate "2003.07.06"]

1. d4 Nf6 2. Nf3 g6 3. c4 Bg7 4. Nc3 d6 5. Bg5 h6 6. Bh4 g5 7. Bg3 Nh5 8. e3
Bg4 9. Be2 Qd7 10. Nd2 Bxe2 11. Qxe2 Nxg3 12. hxg3 Na6 13. Qf3 c6 14. g4 Rf8
15. Nde4 Qe6 16. d5 Qg6 17. dxc6 bxc6 18. Nf6+ Qxf6 19. Qxc6+ Kd8 20. Qxa8+ Kd7
21. Qxa7+ Nc7 22. Nd5 1-0

[Event "Veteran-SM"]
[Site "Umeå, Sweden"]
[Date "2003.07.07"]
[Round "2"]
[White "Aldobasic, Ramiz"]
[Black "Wiklund, Björn"]
[Result "0-1"]
[WhiteElo "2106"]
[BlackElo "1948"]
[PlyCount "142"]
[EventDate "2003.07.06"]
[SourceDate "2003.07.06"]

1. d4 Nf6 2. c4 g6 3. Nc3 Bg7 4. e4 d6 5. f4 O-O 6. Be2 c5 7. d5 Ne8 8. Nf3 Bg4
9. Be3 Nd7 10. O-O Nc7 11. Qd2 Rb8 12. Rab1 a6 13. a4 b6 14. h3 Bxf3 15. Rxf3
Rb7 16. Rg3 Qb8 17. Bg4 Nf6 18. Be2 b5 19. axb5 axb5 20. e5 b4 21. exf6 bxc3
22. Qxc3 Bxf6 23. Qd2 Rxb2 24. Rxb2 Qxb2 25. Qxb2 Bxb2 26. h4 Ne8 27. Bf2 Ng7
28. Rb3 Bc1 29. g3 Bd2 30. Rb7 Re8 31. Bf3 h5 32. Be4 Nf5 33. Kg2 Bc3 34. Kf3
Bf6 35. g4 hxg4+ 36. Kxg4 Nh6+ 37. Kf3 Ra8 38. Rb3 Kg7 39. Kg3 Ra1 40. Bb1 Ra4
41. Bd3 Nf5+ 42. Kg4 Ra2 43. Kf3 Nxh4+ 44. Bxh4 Bxh4 45. Kg4 Be1 46. Kf3 Kf6
47. Rb1 Bc3 48. Rf1 Bd4 49. Ke4 Rh2 50. Kf3 Rh3+ 51. Ke2 Re3+ 52. Kd2 Rg3 53.
Ke2 Kg7 54. Kd2 Rg2+ 55. Be2 Rf2 56. Rxf2 Bxf2 57. Bd3 e6 58. Be4 Kf6 59. Ke2
Bd4 60. Kf3 e5 61. Bc2 exf4 62. Kxf4 Bb2 63. Bd3 Bc1+ 64. Ke4 Kg5 65. Kf3 f5
66. Bf1 Kf6 67. Be2 g5 68. Bd3 g4+ 69. Kg3 Kg5 70. Kf2 f4 71. Be4 Bb2 0-1

[Event "Veteran-SM"]
[Site "Umeå, Sweden"]
[Date "2003.07.07"]
[Round "2"]
[White "Carlberg, Gunnar"]
[Black "Nyström, Ragnar"]
[Result "1/2-1/2"]
[WhiteElo "2125"]
[BlackElo "2035"]
[PlyCount "51"]
[EventDate "2003.07.06"]
[SourceDate "2003.07.06"]

1. c4 e6 2. d4 Nf6 3. Nc3 d5 4. Bg5 Be7 5. Nf3 O-O 6. e3 Nbd7 7. Bd3 dxc4 8.
Bxc4 c5 9. O-O h6 10. Bh4 cxd4 11. Nxd4 a6 12. Rc1 Nc5 13. Qc2 Nh5 14. Bxe7
Qxe7 15. Be2 Nf6 16. Rfd1 Rd8 17. b4 Ncd7 18. a3 Nb6 19. Bf3 g6 20. Ne4 Nbd5
21. Nxf6+ Qxf6 22. Ne2 Bd7 23. Bxd5 Rac8 24. Nc3 exd5 25. Rxd5 Bf5 26. Rxd8+
1/2-1/2

[Event "Veteran-SM"]
[Site "Umeå, Sweden"]
[Date "2003.07.07"]
[Round "2"]
[White "Agrest, Roman"]
[Black "Andersson, Bengt"]
[Result "1-0"]
[WhiteElo "2004"]
[BlackElo "1945"]
[PlyCount "73"]
[EventDate "2003.07.06"]
[SourceDate "2003.07.06"]

1. b4 a5 2. b5 Nf6 3. e3 g6 4. Bb2 Bg7 5. Nf3 O-O 6. c4 b6 7. d4 d6 8. Nc3 e6
9. g3 Bb7 10. Bg2 Nbd7 11. O-O Rb8 12. a4 Re8 13. Qc2 Bf8 14. Rac1 Rc8 15. Rfd1
c5 16. dxc5 Nxc5 17. Ne5 Bxg2 18. Kxg2 Qc7 19. Nc6 Qb7 20. Ne2 Nfd7 21. f3 e5
22. e4 Nb8 23. Nxb8 Rxb8 24. Nc3 f6 25. Nd5 Qf7 26. Ra1 Bg7 27. Ra3 Red8 28.
Bc1 Rd7 29. Be3 f5 30. exf5 gxf5 31. Bxc5 dxc5 32. Rad3 Kf8 33. Nxb6 Rxd3 34.
Qxd3 Rxb6 35. Qd8+ Qe8 36. Qxb6 e4 37. Rd8 1-0

[Event "Veteran-SM"]
[Site "Umeå, Sweden"]
[Date "2003.07.07"]
[Round "2"]
[White "Söderborg, Berndt"]
[Black "Westin, Bertil"]
[Result "1-0"]
[WhiteElo "2049"]
[BlackElo "1937"]
[PlyCount "82"]
[EventDate "2003.07.06"]
[SourceDate "2003.07.06"]

1. e4 c5 2. Nf3 Nc6 3. Bb5 g6 4. O-O Bg7 5. Bxc6 bxc6 6. Nc3 Nf6 7. Re1 O-O 8.
d3 d6 9. h3 d5 10. e5 Nd7 11. Bf4 Qb6 12. Rb1 Re8 13. e6 fxe6 14. Rxe6 Nf6 15.
Re2 d4 16. Na4 Qb5 17. b3 Nd5 18. Be5 Bh6 19. Nh2 Rf8 20. Ng4 Bxg4 21. hxg4 Bf4
22. Qe1 Rae8 23. Bxf4 Rxf4 24. Re4 Rf7 25. Re5 Ref8 26. c4 dxc3 27. Nxc3 Qxd3
28. Nxd5 cxd5 29. Rd1 Qa6 30. Rd2 Qc8 31. f3 d4 32. Rc2 d3 33. Rcxc5 Qa6 34.
Qd2 Rd8 35. Rcd5 Rff8 36. Rxe7 Qb6+ 37. Kh1 Qf6 38. Rxd8 Rxd8 39. Re3 Qd4 40.
Kg1 Kg7 41. Kf2 Kf6 {Olaesligt} 1-0

[Event "Veteran-SM"]
[Site "Umeå, Sweden"]
[Date "2003.07.08"]
[Round "3"]
[White "Aldobasic, Ramiz"]
[Black "Lundquist, Rolf"]
[Result "1/2-1/2"]
[WhiteElo "2106"]
[BlackElo "2055"]
[PlyCount "28"]
[EventDate "2003.07.06"]
[SourceDate "2003.07.06"]

1. d4 Nf6 2. c4 e5 3. dxe5 Ng4 4. Nf3 Bc5 5. e3 Nc6 6. a3 a5 7. Nc3 Ngxe5 8.
Be2 Nxf3+ 9. Bxf3 O-O 10. Qc2 Ne5 11. Be2 d6 12. O-O Qh4 13. Qe4 Qxe4 14. Nxe4
Bb6 1/2-1/2

[Event "Veteran-SM"]
[Site "Umeå, Sweden"]
[Date "2003.07.08"]
[Round "3"]
[White "Marklund, Egon"]
[Black "Carlberg, Gunnar"]
[Result "0-1"]
[WhiteElo "2006"]
[BlackElo "2125"]
[PlyCount "108"]
[EventDate "2003.07.06"]
[SourceDate "2003.07.06"]

1. d4 Nf6 2. Bg5 Ne4 3. Bh4 d5 4. f3 Nd6 5. Nc3 c6 6. e4 Qa5 7. Rb1 dxe4 8. d5
Nf5 9. Bf2 e3 10. Bg3 Nxg3 11. hxg3 e6 12. dxe6 Bxe6 13. Qd4 Nd7 14. Bc4 Bxc4
15. Qxc4 Nf6 16. Nge2 Be7 17. b4 Qc7 18. g4 O-O-O 19. a3 Bd6 20. g5 Bg3+ 21.
Kf1 b5 22. Qc5 Nd5 23. Ne4 Bd6 24. Nxd6+ Rxd6 25. a4 a6 26. c4 bxc4 27. Qxc4
Kb7 28. Rh4 h6 29. g3 Rhd8 30. gxh6 Rxh6 31. Rxh6 gxh6 32. Kg2 Rd6 33. f4 Qc8
34. Kf3 h5 35. b5 Qg4+ 36. Kg2 Nxf4+ 37. Qxf4 Qxe2+ 38. Kh3 Qg4+ 39. Qxg4 hxg4+
40. Kxg4 e2 41. bxa6+ Kxa6 42. Re1 Re6 43. Kf5 Ka5 44. g4 Kxa4 45. g5 Re3 46.
Kf6 Rf3+ 47. Ke5 Rf2 48. Kd4 Kb3 49. Ke3 Rf5 50. Ke4 Rxg5 51. Rxe2 Rd5 52. Re3+
Kb4 53. Re1 f5+ 54. Kf4 c5 0-1

[Event "Veteran-SM"]
[Site "Umeå, Sweden"]
[Date "2003.07.08"]
[Round "3"]
[White "Andersson, Bengt"]
[Black "Westin, Bertil"]
[Result "1-0"]
[WhiteElo "1945"]
[BlackElo "1937"]
[PlyCount "108"]
[EventDate "2003.07.06"]
[SourceDate "2003.07.06"]

1. Nf3 Nf6 2. b3 g6 3. Bb2 Bg7 4. e3 O-O 5. Be2 b6 6. O-O Bb7 7. d4 d6 8. Nbd2
Nbd7 9. c4 Re8 10. Qc2 e5 11. dxe5 dxe5 12. Rfd1 Qe7 13. Rac1 e4 14. Nd4 a6 15.
Qb1 c5 16. Nc2 Ne5 17. Nf1 Rad8 18. Rxd8 Rxd8 19. Rd1 Nd3 20. Bxd3 exd3 21. Ne1
Be4 22. Rd2 Bh6 23. Ng3 Ng4 24. Nxe4 Qxe4 25. Rxd3 Re8 26. Qc1 Qf5 27. Qd2 Qe4
28. Nc2 Ne5 29. Rd8 Rxd8 30. Qxd8+ Bf8 31. Qd2 Be7 32. Ne1 Bf6 33. Kf1 b5 34.
Qd6 Kg7 35. Qxc5 bxc4 36. Bxe5 Bxe5 37. Qxc4 Qb1 38. Qxa6 Bc3 39. Qe2 Bb2 40.
Qc2 Qxa2 41. g3 Qa1 42. Kg2 Bc3 43. Nd3 h5 44. h4 Bf6 45. b4 Qa8+ 46. f3 Qd5
47. e4 Qb5 48. Qb3 g5 49. hxg5 Qxg5 50. f4 Qg6 51. Nf2 Bd4 52. Qd5 Qb6 53. Nd3
Qa7 54. Ne5 Kf8 1-0

[Event "Veteran-SM"]
[Site "Umeå, Sweden"]
[Date "2003.07.08"]
[Round "3"]
[White "Johansson, Per"]
[Black "Agrest, Roman"]
[Result "1/2-1/2"]
[WhiteElo "2000"]
[BlackElo "2004"]
[PlyCount "59"]
[EventDate "2003.07.06"]
[SourceDate "2003.07.06"]

1. d4 b5 2. Qd3 a6 3. Nf3 Bb7 4. g3 e6 5. Bg2 c5 6. dxc5 Bxc5 7. O-O Nf6 8. Bg5
Nc6 9. c3 d5 10. Nbd2 h6 11. Bf4 O-O 12. Nb3 Bd6 13. Bxd6 Qxd6 14. Rfd1 Qe7 15.
Nbd4 Na5 16. Ne5 Rac8 17. a4 b4 18. cxb4 Qxb4 19. Qd2 Qxd2 20. Rxd2 Nc4 21.
Nxc4 Rxc4 22. b3 Rc3 23. b4 Rfc8 24. Rdd1 g6 25. a5 Nd7 26. b5 e5 27. Nc6 Bxc6
28. bxc6 R8xc6 29. Bxd5 Rc7 30. Bf3 1/2-1/2

[Event "Veteran-SM"]
[Site "Umeå, Sweden"]
[Date "2003.07.08"]
[Round "3"]
[White "Nyström, Ragnar"]
[Black "Wiklund, Björn"]
[Result "1-0"]
[WhiteElo "2035"]
[BlackElo "1948"]
[PlyCount "103"]
[EventDate "2003.07.06"]
[SourceDate "2003.07.06"]

1. d4 Nf6 2. c4 g6 3. Nc3 Bg7 4. e4 d6 5. Be2 O-O 6. Bg5 Nbd7 7. Qd2 e5 8. d5
a5 9. g4 Nc5 10. f3 Qd7 11. Nh3 Ne8 12. Nf2 f6 13. Be3 b6 14. h4 Qe7 15. O-O-O
Bd7 16. Rdg1 Rf7 17. Qe1 g5 18. Rh2 h6 19. Nh1 Bf8 20. Ng3 Rh7 21. Nf5 Bxf5 22.
gxf5 Bg7 23. Rg3 Rd8 24. Qh1 Bf8 25. Bf1 Rd7 26. Kd2 Kh8 27. hxg5 fxg5 28. Bxg5
hxg5 29. Rxh7+ Qxh7 30. Rh3 Nf6 31. Kd1 g4 32. fxg4 Nxg4 33. Rxh7+ Rxh7 34. Qg1
Nf6 35. Bg2 Bh6 36. Ne2 Rg7 37. Qh1 Kh7 38. Kc2 Ng4 39. Bf3 Ne3+ 40. Kb1 Nxc4
41. b3 Nd2+ 42. Kc2 Nxf3 43. Qxf3 Nd7 44. Ng3 Rg5 45. Nh5 Kg8 46. Kc3 Kf7 47.
Ng3 Nf6 48. Kc4 Rg7 49. Nh5 Rg5 50. Nxf6 Kxf6 51. Qh3 Bg7 52. Qh4 1-0

[Event "Veteran-SM"]
[Site "Umeå, Sweden"]
[Date "2003.07.08"]
[Round "3"]
[White "Sandklef, Åke"]
[Black "Jiretorn, Ingvar"]
[Result "1-0"]
[WhiteElo "1891"]
[BlackElo "1948"]
[PlyCount "194"]
[EventDate "2003.07.06"]
[SourceDate "2003.07.06"]

1. d4 Nf6 2. c4 g6 3. Nc3 Bg7 4. e4 d6 5. f3 O-O 6. Be3 e5 7. d5 Nh5 8. Nge2 f5
9. Qd2 f4 10. Bf2 b6 11. O-O-O a5 12. Kb1 Na6 13. Nc1 Nc5 14. Be2 Bd7 15. g4
fxg3 16. hxg3 Nf6 17. Be3 Rf7 18. Rdg1 Na4 19. Nxa4 Bxa4 20. b3 Bd7 21. a4 Qf8
22. Nd3 Be8 23. Nf2 Bd7 24. g4 Rb8 25. Ka2 Ne8 26. Rg3 Qe7 27. Rgh3 h5 28. R3h2
Nf6 29. Bg5 Qf8 30. Qe3 hxg4 31. fxg4 Re8 32. Qg3 Rfe7 33. Qh4 Rf7 34. Bxf6
Rxf6 35. Nh3 Rf4 36. Ng5 Qf6 37. Qh7+ Kf8 38. Nh3 Rxe4 39. Rf2 Rf4 40. Nxf4
exf4 41. Bf3 Re3 42. Rb1 Qc3 43. Bd1 f3 44. Qxg6 Bxa4 45. Qc2 Qxc2+ 46. Bxc2
Bd7 47. Bf5 Bxf5 48. gxf5 Bd4 49. Rbf1 Kf7 50. Rxf3 Re2+ 51. Kb1 Kf6 52. Rh1
Rb2+ 53. Kc1 Ra2 54. Rh7 a4 55. bxa4 Rxa4 56. Rh6+ Kg7 57. Rg6+ Kf7 58. Rg4
Rxc4+ 59. Kd1 Ra4 60. f6 Ra1+ 61. Kc2 Be5 62. Rg7+ Kf8 63. Rxc7 Ra5 64. f7 Rc5+
65. Rxc5 bxc5 66. Kd3 Bg7 67. Kc4 Ke7 68. Kb5 Bh6 69. Kc4 Bf8 70. Kd3 Bg7 71.
Rf5 Bf8 72. Ke4 Bh6 73. Rh5 Bg7 74. Kf5 Kxf7 75. Rh4 Be5 76. Ra4 Kg7 77. Ke6
Kg6 78. Rg4+ Kh5 79. Kf5 Kh6 80. Re4 Kg7 81. Ke6 Kg6 82. Rxe5 dxe5 83. d6 e4
84. d7 Kg5 85. d8=Q+ Kf4 86. Qd2+ Kf3 87. Kd5 e3 88. Qe1 e2 89. Kxc5 Ke3 90.
Kc4 Kf3 91. Kd3 Kf4 92. Qxe2 Kf5 93. Kd4 Kf6 94. Kd5 Kf5 95. Qf3+ Kg6 96. Ke5
Kg7 97. Ke6 Kg8 1-0

[Event "Veteran-SM"]
[Site "Umeå, Sweden"]
[Date "2003.07.08"]
[Round "3"]
[White "Schön, Stig"]
[Black "Söderborg, Berndt"]
[Result "1/2-1/2"]
[WhiteElo "2005"]
[BlackElo "2049"]
[PlyCount "108"]
[EventDate "2003.07.06"]
[SourceDate "2003.07.06"]

1. d4 Nf6 2. Nf3 g6 3. c4 Bg7 4. Nc3 d5 5. Bf4 O-O 6. Rc1 c6 7. e3 Be6 8. Qb3
b6 9. Bd3 dxc4 10. Bxc4 Nd5 11. Be5 f6 12. Bg3 Bf7 13. e4 Bh6 14. Rd1 b5 15.
Nxb5 cxb5 16. Bxd5 Bxd5 17. Qxd5+ Qxd5 18. exd5 Rd8 19. d6 exd6 20. Ke2 Nc6 21.
d5 Ne5 22. Nd4 Rac8 23. f4 Nf7 24. Rc1 Rc5 25. Rxc5 dxc5 26. Nxb5 Rb8 27. a4 a6
28. Nc7 Rxb2+ 29. Kd3 a5 30. Ne6 Bf8 31. Rc1 Rb3+ 32. Rc3 Rb4 33. Nxc5 Bxc5 34.
Rxc5 Rxa4 35. f5 Ne5+ 36. Bxe5 fxe5 37. fxg6 hxg6 38. d6 Rd4+ 39. Ke3 Rxd6 40.
Rxa5 Kf7 41. Rxe5 Rd1 42. Kf3 Rh1 43. h3 Ra1 44. Kg4 Kf6 45. Rb5 Ra4+ 46. Kg3
Ra3+ 47. Kh4 Ra4+ 48. g4 Rc4 49. Rb6+ Kg7 50. Rb3 Ra4 51. Re3 Rb4 52. Re5 Kf6
53. Ra5 Rc4 54. Rb5 Ra4 1/2-1/2

[Event "Veteran-SM"]
[Site "Umeå, Sweden"]
[Date "2003.07.09"]
[Round "4"]
[White "Jiretorn, Ingvar"]
[Black "Westin, Bertil"]
[Result "0-1"]
[WhiteElo "1948"]
[BlackElo "1937"]
[PlyCount "42"]
[EventDate "2003.07.06"]
[SourceDate "2003.07.06"]

1. Nf3 Nf6 2. c4 c6 3. g3 g6 4. b4 a5 5. b5 Bg7 6. d4 d5 7. bxc6 bxc6 8. c5
Nbd7 9. Qc2 O-O 10. Bb2 Rb8 11. Bc3 Ne4 12. Nfd2 Nxc3 13. Qxc3 e5 14. Nf3 exd4
15. Nxd4 Qe7 16. Na3 Qe4 17. O-O-O Qxh1 18. Nac2 Qxh2 19. Qf3 Ne5 20. Qe3 Ng4
21. Qf3 Nxf2 0-1

[Event "Veteran-SM"]
[Site "Umeå, Sweden"]
[Date "2003.07.09"]
[Round "4"]
[White "Aldobasic, Ramiz"]
[Black "Andersson, Bengt"]
[Result "0-1"]
[WhiteElo "2106"]
[BlackElo "1945"]
[PlyCount "68"]
[EventDate "2003.07.06"]
[SourceDate "2003.07.06"]

1. d4 Nf6 2. c4 g6 3. Nc3 Bg7 4. e4 d6 5. f3 O-O 6. Be3 Nc6 7. Qd2 e5 8. d5 Ne7
9. Bd3 Nd7 10. g4 b6 11. Nge2 Nc5 12. Bc2 a5 13. Ng3 Kh8 14. O-O-O f5 15. gxf5
gxf5 16. Bg5 f4 17. Nh5 Qe8 18. Nxg7 Kxg7 19. Nb5 Qd7 20. Rdg1 Ng6 21. h4 Kf7
22. h5 Ne7 23. Bxe7 Qxe7 24. h6 Rg8 25. Rxg8 Kxg8 26. Rg1+ Kh8 27. Rg7 Qf6 28.
Qg2 Bd7 29. Nxc7 Rc8 30. Nb5 Bxb5 31. cxb5 Qxh6 32. Rg4 Nd3+ 33. Kd1 Nxb2+ 34.
Kc1 Nc4 0-1

[Event "Veteran-SM"]
[Site "Umeå, Sweden"]
[Date "2003.07.09"]
[Round "4"]
[White "Lundquist, Rolf"]
[Black "Sandklef, Åke"]
[Result "1/2-1/2"]
[WhiteElo "2055"]
[BlackElo "1891"]
[PlyCount "72"]
[EventDate "2003.07.06"]
[SourceDate "2003.07.06"]

1. e4 e6 2. Nf3 c5 3. Nc3 a6 4. g3 Ne7 5. Bg2 d5 6. exd5 exd5 7. d4 g6 8. Bg5
Nbc6 9. Bf6 Rg8 10. O-O Qd6 11. Bg5 cxd4 12. Nxd4 Bg7 13. Nxc6 bxc6 14. Re1 Be6
15. Ne4 Qc7 16. Nf6+ Bxf6 17. Bxf6 Kf8 18. Qd2 g5 19. Bxg5 Rg6 20. Bf3 Nf5 21.
Bh5 Rg8 22. Bh6+ Nxh6 23. Qxh6+ Rg7 24. Re3 d4 25. Re4 Bd5 26. Rxd4 Qe5 27. Rg4
Qxb2 28. Rc1 Qe5 29. c4 Be6 30. Rxg7 Qxg7 31. Qxg7+ Kxg7 32. Bf3 Ra7 33. Kf1
Re7 34. Bxc6 Rc7 35. Be4 Rxc4 36. Rxc4 Bxc4+ 1/2-1/2

[Event "Veteran-SM"]
[Site "Umeå, Sweden"]
[Date "2003.07.09"]
[Round "4"]
[White "Marklund, Egon"]
[Black "Johansson, Per"]
[Result "1-0"]
[WhiteElo "2006"]
[BlackElo "2000"]
[PlyCount "81"]
[EventDate "2003.07.06"]
[SourceDate "2003.07.06"]

1. d4 d5 2. Nf3 c6 3. c3 Nf6 4. e3 Bg4 5. Nbd2 Nbd7 6. h3 Bh5 7. Be2 e6 8. O-O
Bd6 9. c4 O-O 10. a3 a5 11. b3 e5 12. dxe5 Nxe5 13. Bb2 Qc7 14. Nxe5 Bxe5 15.
Bxe5 Qxe5 16. Bxh5 Qxh5 17. Qxh5 Nxh5 18. cxd5 Rad8 19. Nc4 Rxd5 20. Rfd1 Rfd8
21. Rxd5 Rxd5 22. e4 Rb5 23. Rd1 g6 24. Rd3 Nf4 25. Re3 Rg5 26. g4 Rc5 27. a4
b5 28. axb5 Rxb5 29. h4 Rc5 30. Nb6 Kg7 31. g5 h6 32. gxh6+ Kxh6 33. Rf3 g5 34.
hxg5+ Kxg5 35. Rg3+ Kh6 36. Rf3 Kg5 37. Nd7 Rb5 38. Kh2 Ng6 39. Rxf7 Rxb3 40.
Rf5+ Kh4 41. Nf6 1-0

[Event "Veteran-SM"]
[Site "Umeå, Sweden"]
[Date "2003.07.09"]
[Round "4"]
[White "Wiklund, Björn"]
[Black "Agrest, Roman"]
[Result "1/2-1/2"]
[WhiteElo "1948"]
[BlackElo "2004"]
[PlyCount "68"]
[EventDate "2003.07.06"]
[SourceDate "2003.07.06"]

1. e4 c5 2. Nf3 e6 3. d4 cxd4 4. Nxd4 a6 5. Be2 Qc7 6. O-O Nf6 7. Bf3 Be7 8.
Qe2 d6 9. g3 Bd7 10. Re1 Nc6 11. c3 Rc8 12. Be3 O-O 13. Bg2 Rfd8 14. Nd2 Ne5
15. h3 b5 16. a4 Nc4 17. axb5 Nxe3 18. Qxe3 axb5 19. Bf1 Rb8 20. Nc2 d5 21. e5
Ne8 22. Rec1 Qb7 23. Bg2 Ra8 24. Nb4 Rdc8 25. Nb3 Ra4 26. Nd3 Rxa1 27. Rxa1 Ra8
28. Ndc5 Bxc5 29. Qxc5 Rxa1+ 30. Nxa1 f6 31. exf6 Nxf6 32. Nc2 Kf7 33. Na3 Bc6
34. Nc2 Bd7 1/2-1/2

[Event "Veteran-SM"]
[Site "Umeå, Sweden"]
[Date "2003.07.09"]
[Round "4"]
[White "Carlberg, Gunnar"]
[Black "Söderborg, Berndt"]
[Result "0-1"]
[WhiteElo "2125"]
[BlackElo "2049"]
[PlyCount "69"]
[EventDate "2003.07.06"]
[SourceDate "2003.07.06"]

1. d4 Nf6 2. c4 g6 3. Nc3 d5 4. Bg5 Ne4 5. Bf4 Nxc3 6. bxc3 Bg7 7. e3 O-O 8.
Nf3 c5 9. Be2 dxc4 10. Bxc4 Nc6 11. O-O Bg4 12. Be2 Rc8 13. h3 Bf5 14. d5 Na5
15. Rc1 Be4 16. Qa4 c4 17. Rfd1 Rc5 18. Qa3 b6 19. Ng5 Bd3 20. Bxd3 cxd3 21.
Rxd3 e5 22. Rcd1 exf4 23. exf4 Nc4 24. Qc1 Nd6 25. Ne6 fxe6 26. dxe6 Rc6 27.
Qa3 Qe7 28. Rxd6 Re8 29. Qa4 Rxd6 30. Rxd6 Bf8 31. Rd7 Qxe6 32. Rxa7 Bc5 33.
Qc2 Qe1+ 34. Kh2 Bxf2 35. Qxf2 0-1

[Event "Veteran-SM"]
[Site "Umeå, Sweden"]
[Date "2003.07.09"]
[Round "4"]
[White "Nyström, Ragnar"]
[Black "Schön, Stig"]
[Result "1-0"]
[WhiteElo "2035"]
[BlackElo "2005"]
[PlyCount "107"]
[EventDate "2003.07.06"]
[SourceDate "2003.07.06"]

1. d4 Nf6 2. c4 e6 3. Nf3 b6 4. g3 Bb7 5. Bg2 Bb4+ 6. Bd2 Qe7 7. O-O O-O 8. Qc2
Bxd2 9. Nbxd2 d5 10. Rac1 c6 11. Rfd1 Nbd7 12. cxd5 exd5 13. e3 Rfe8 14. Qb1
Ne4 15. Rc2 Rac8 16. b4 Ba6 17. Qb3 Nd6 18. Rdc1 Bc4 19. Qb2 b5 20. Re1 Nb6 21.
Rcc1 f6 22. Nb3 Bd3 23. Nc5 Nbc4 24. Qb3 Be4 25. Red1 Qf7 26. Ra1 a5 27. bxa5
Nxa5 28. Qc3 Nac4 29. Ne1 Bxg2 30. Nxg2 Ra8 31. a4 bxa4 32. Nxa4 Ne4 33. Qc2
Reb8 34. Nf4 Ra7 35. Rab1 Rab7 36. Rxb7 Qxb7 37. Nd3 Qb5 38. Nac5 Nxc5 39. Nxc5
Qb2 40. Qxb2 Rxb2 41. Ra1 g5 42. g4 Nd2 43. Kg2 Nc4 44. Kg3 h5 45. gxh5 Kg7 46.
Ra7+ Kh6 47. Rf7 Rb1 48. Rxf6+ Kxh5 49. Ne6 Rg1+ 50. Kf3 Nd2+ 51. Ke2 Ne4 52.
Ng7+ Kh4 53. Rh6+ Kg4 54. f3# 1-0